000 02976nam a2200901 a 4500
008 190808e2019 sp ||||| |||| 001 0 spa d
020 _a9788417184629
041 _aspa
092 _c616
_l16
_sDIA
100 1 _aRodríguez García, J. L.
_94053
245 _aDiagnóstico y Tratamiento Médico.
_bGreen Book /
_cJ. L. Rodríguez García
250 _a1a ed.
260 _aMadrid:
_bMarban;
_c2019.
300 _a2624 p.
500 _aRodríguez García, J. L. et al. (2019). Diagnóstico y tratamiento médico.Green Book. (1a ed.). Madrid : Marbán.
653 _aAntimicrobianos, infecciosas, antibióticos, VIH
653 _aInmunología
653 _aAnestesiología
653 _aGeriatría
653 _aOncología
653 _aPsiquiatría
653 _aFarmacología
653 _aCardiologia, neumologia y nefrología
653 _aNeurología
653 _aOftalmología
653 _aORL
653 _aDigestivo
653 _aMedicina interna, reumatología y hematología
653 _aEndocrinología
653 _aDermatología
653 _aGinecología
653 _aUrología
653 _aAlteraciones analíticas
653 _aSistema nervioso
653 _aTórax
653 _aAbdomen, higado y bazo
653 _aRetroperitoneo
653 _aRiñon y aparato genitourinario
653 _aOsteomuscular
700 1 _aAguilera Saldaña, M.
_94054
700 1 _aArévalo Serrano, J.
_94055
700 1 _aAzaña Defez, J. M.
_94056
700 1 _aBalsa Barro, J. A.
_94057
700 1 _aBerbel García, A.
_94058
700 1 _aBielsa Masdeu, A. M.
_94059
700 1 _aBotella Romero, F.
_94060
700 1 _aCarmona Lambooy, S. M.
_94061
700 1 _aCerezo González, S.
_94062
700 1 _aContreras Sánchez, J. D.
_94063
700 1 _aCorbi Pascula, M. J.
_94064
700 1 _aGonzález Carro, P. S.
_94065
700 1 _aGonzález Spínola San Gil, J.
_92391
700 1 _aJiménez Mena, M.
_93868
700 1 _aJordán Bueso, J.
_94066
700 1 _aLópez Rubio, E.
_94067
700 1 _aMaldonado Hermoso, G.
_94068
700 1 _aMartínez Alfaro, E.
_94069
700 1 _aMoreno Oliver, I.
_93869
700 1 _aMoreno Planas, J. M.
_94070
700 1 _aMoya Mateo, E.
_94071
700 1 _aNúñez Ares, A.
_94072
700 1 _aOrtego Centeno, N.
_94073
700 1 _aPascual Izquierdo, C.
_93871
700 1 _aPascual Santos, J.
_94074
700 1 _aPicazo Yeste, J. S.
_93873
700 1 _aPinés Corrales, P. J.
_94075
700 1 _aRodríguez Villar, S.
_94076
700 1 _aSalinas Sánchez, A. S.
_94077
700 1 _aGonzález del Valle, F.
_94078
700 1 _aSánchez Atrio, A. I.
_94079
700 1 _aSánchez Nievas, G.
_92395
700 1 _aSegura Martín, T.
_94080
700 1 _aTena Gómez, D.
_93874
700 1 _aTorrecillas Toro, M.
_94081
700 1 _aVicente Gutiérrez, M. M.
_94082
700 1 _aViñuela Benítez, C.
_94083
942 _2ddc
_cBK
999 _c3027
_d3027